000
00218nam a2200073Ia 4500
008
170817s9999 xx 000 0 und d
100
_a
Pandey.Saroj
245
0
_a
Professional Support System And Classroom Performance para Teachers
260
_b
N.C.E.R.T
999
_c
38175
_d
38175